On the nature of languages ./ (Record no. 109241)
[ view plain ]
| 000 -LEADER | |
|---|---|
| fixed length control field | 00412nam a22001577a 4500 |
| 003 - CONTROL NUMBER IDENTIFIER | |
| control field | BD-ChCU |
| 005 - DATE AND TIME OF LATEST TRANSACTION | |
| control field | 20251110102038.0 |
| 008 - FIXED-LENGTH DATA ELEMENTS--GENERAL INFORMATION | |
| fixed length control field | 251110b bg ||||| |||| 00| 0 ben d |
| 040 ## - CATALOGING SOURCE | |
| Transcribing agency | BD-ChCU |
| 082 ## - DEWEY DECIMAL CLASSIFICATION NUMBER | |
| Classification number | 409 SHO |
| 100 ## - MAIN ENTRY--PERSONAL NAME | |
| Personal name | Shrivastava , K.K. |
| 9 (RLIN) | 15797 |
| 245 ## - TITLE STATEMENT | |
| Title | On the nature of languages ./ |
| Statement of responsibility, etc. | K.K. Shrivastava. |
| 260 ## - PUBLICATION, DISTRIBUTION, ETC. | |
| Place of publication, distribution, etc. | RamNagar : |
| Name of publisher, distributor, etc. | S. Chand , |
| Date of publication, distribution, etc. | C 1973 |
| 300 ## - PHYSICAL DESCRIPTION | |
| Extent | x , 93p |
| 942 ## - ADDED ENTRY ELEMENTS (KOHA) | |
| Source of classification or shelving scheme | Dewey Decimal Classification |
| Koha item type | Books |
| Suppress in OPAC | No |
| Withdrawn status | Lost status | Source of classification or shelving scheme | Damaged status | Not for loan | Home library | Current library | Shelving location | Date acquired | Source of acquisition | Total Checkouts | Full call number | Barcode | Date last seen | Copy number | Price effective from | Koha item type |
|---|---|---|---|---|---|---|---|---|---|---|---|---|---|---|---|---|
| Dewey Decimal Classification | Chittagong University Library | Chittagong University Library | Arts and Humanities Reading Room | 11/10/2025 | Purchase | 409 SHO | 83893 | 11/10/2025 | C-1 | 11/10/2025 | Books | |||||
| Dewey Decimal Classification | Chittagong University Library | Chittagong University Library | Arts and Humanities Reading Room | 11/10/2025 | Purchase | 409 SHO | 83894 | 11/10/2025 | C-2 | 11/10/2025 | Books |